乌鲁木齐大夫说 (Record no. 16414)

000 -LEADER
fixed length control field 00519nam a22001937a 4500
003 - CONTROL NUMBER IDENTIFIER
control field MPLRDC
005 - DATE AND TIME OF LATEST TRANSACTION
control field 20220104124053.0
008 - FIXED-LENGTH DATA ELEMENTS--GENERAL INFORMATION
fixed length control field 210129b ||||| |||| 00| 0 eng d
020 ## - INTERNATIONAL STANDARD BOOK NUMBER
International Standard Book Number 957-33-0871-1
082 ## - DEWEY DECIMAL CLASSIFICATION NUMBER
Classification number 848.2 HWY v.4 c.2
100 ## - MAIN ENTRY--PERSONAL NAME
Personal name 侯文咏
245 ## - TITLE STATEMENT
Title 乌鲁木齐大夫说
Statement of responsibility, etc. 萧言中 漫画
250 ## - EDITION STATEMENT
Edition statement 初版74刷
260 ## - PUBLICATION, DISTRIBUTION, ETC.
Place of publication, distribution, etc. 台湾
Name of publisher, distributor, etc. 皇冠文化出版有限公司
Date of publication, distribution, etc. 1999
300 ## - PHYSICAL DESCRIPTION
Other physical details 203
490 ## - SERIES STATEMENT
Series statement 皇冠丛书: 第2124种
650 ## - SUBJECT ADDED ENTRY--TOPICAL TERM
Topical term or geographic name entry element 现代别集
942 ## - ADDED ENTRY ELEMENTS (KOHA)
Koha item type Book
-- 848.2 HWY v.4 c.2
Holdings
Withdrawn status Lost status Source of classification or shelving scheme Damaged status Not for loan Collection code Home library Current library Shelving location Date acquired Cost, normal purchase price Total Checkouts Full call number Barcode Date last seen Date last checked out Price effective from Koha item type Public note
            Malaysian Public Library, Research and Development Centre Malaysian Public Library, Research and Development Centre   10/12/2007 18.60   848.2 HWY v.4 c.2 00016465 17/03/2021 24/11/2011 17/03/2021 Book mplrdc

© 2022. Malaysian Public Library, Research and Development Centre. All Right ReservedE-mailmplrdc@help.edu.my 

Powered by Koha